000 00578nam a2200205 i 4500
001 19981
003 ES-MaACL
005 20230906152215.0
007 t|
008 020712s1996 sp ||||0| spa j
020 _a84-7986-146-0
040 _aM-BN
_bspa
_cM-BN
080 _a002:519.23
100 1 _aLópez López, Pedro.
_973735
245 1 0 _aIntroducción a la bibliometría /
_cPedro López López.
260 _aValencia :
_bPromolibro,
_c1996.
300 _a128 p. :
_bgráf. ;
_c23 cm.
650 1 4 _aBibliometría.
_910527
852 _aES-MaACL
_jL-25975
_bR.131274
999 _c19981
_d19981